Súčasná úroveň prognózovania vedecko-technického rozvoja

Bibliographic Details
Main Author: Fendek, Július (Author)
Format: Article
Language:Slovak
Subjects:

MARC

LEADER 00000nab a2200000 a 4500
001 vtls000118075
003 SK-MaSNL
005 20260305035344.0
008 250422c1982 xo 0 slo
015 |a SNBRB19rr/mm-uuuuu 
035 |a CL0128180 
035 |a urn:nbn:sk:snk-abbb37 
035 |a (urnnbn)urn:nbn:sk:snk:ar-005co9 
035 |a (uuid)3d19386b-28bf-486d-bcc7-e27840a7f85a 
040 |a SNKBUCL  |b slo  |c SNKBUCL  |e AACR2 
041 0 |a slo 
044 |a xo  |c SK 
080 |a 330.3  |2 1981 
080 |a 338.2  |2 1981 
100 1 |a Fendek, Július  |4 aut  |9 561352 
245 1 0 |a Súčasná úroveň prognózovania vedecko-technického rozvoja  |c Július Fendek 
650 0 7 |a vedecko-technický rozvoj  |2 SNKPH  |9 3999 
650 0 7 |a ekonomické prognózovanie  |2 SNKPH  |9 2143 
655 7 |a články z novín a časopisov  |2 SNK  |9 267496 
773 0 |t Technická práca  |g Roč. 34, č. 5 (1982), s. 8-11 
850 |a Slovenská národná knižnica 
852 |a Slovenská národná knižnica 
954 |a odborná, vedecká literatúra pôvodná (slovenská)  |2 lita 
958 |a article15 
958 |a RK 
958 |a OND 
958 |a EUIPO 
992 |a RBX 
999 |c 3333485  |d 3335415